Úvod do mezinárodního práva veřejného
Uložené v:
| Hlavný autor: | |
|---|---|
| Médium: | Kniha |
| Jazyk: | Czech |
| Vydavateľské údaje: |
Praha
Auditorium
2023
|
| Vydanie: | 3. doplněné vydání |
| Predmet: | |
| Tagy: |
Žiadne tagy, Buďte prvý, kto otaguje tento záznam!
|
MARC
| LEADER | 00000nam a2200000 4500 | ||
|---|---|---|---|
| 001 | 0296142 | ||
| 005 | 20240416114210.2 | ||
| 020 | |a 978-80-87284-08-7 | ||
| 041 | 0 | |a cze | |
| 044 | |a CZ | ||
| 245 | 1 | 0 | |a Úvod do mezinárodního práva veřejného |c Harald Christian Scheu |
| 250 | |a 3. doplněné vydání | ||
| 264 | 1 | |a Praha |b Auditorium |c 2023 | |
| 300 | |a 216 s. | ||
| 610 | 2 | 0 | |a právo verejné medzinárodné |
| 610 | 2 | 0 | |a právo medzinárodné |
| 610 | 2 | 0 | |a zmluvy medzinárodné |
| 610 | 2 | 0 | |a subjektivita právna |
| 610 | 2 | 0 | |a štát |
| 610 | 2 | 0 | |a organizácie medzinárodné |
| 610 | 2 | 0 | |a konflikty medzinárodné |
| 610 | 2 | 0 | |a diplomacia |
| 610 | 2 | 0 | |a Organizácia spojených národov |
| 100 | 1 | |a Scheu, Harald Christian | |